LEADER 01542nam a2200349 a 4500 001 000000127439 003 CaOOAMICUS 005 20120202092513.0 008 120202s2011 it u000 u ita r 020 $a978-88-598-0623-3 040 $aPUL$bita 082 04$a348.5 245 00$aCodice commentato della proprietą industriale e intellettuale /$ca cura di C. Galli, A. M. Gambino ; con la collaborazione di V. Falce. 260 $aTorino :$bUTET Giuridica,$c©2011. 300 $aXCIV, 3854 p. ;$c22 cm. 490 1 $aI codici ipertestuali 500 $aSulla coperta: Con banca dati. 500 $aTesto su due colonne. 504 $aContiene riferimenti bibliografici ed indice. 650 4$aDiritto privato$zItalia.$0(OLS)http://pul/subject/1235 700 1 $aGalli, Cesare.$0(OLS)http://pul/name/78666 700 1 $aGambino, Alberto Maria.$0(OLS)http://pul/name/44523 700 1 $aFalce, Valeria.$0(OLS)http://pul/name/72941 830 2$aI codici ipertestuali.$0(OLS)http://pul/title/105453 850 $aPUL 852 $aPUL$W1$xSL Diritto e Scienze Sociali 3$y79$m348. 45 COD 4.1.8$j147449$qDDC 21$B146080$CPULBib$Z2$F146080 $H118915 $82 941 1 $a9 996 $6020$a978-88-598-0623-3$9(OLS)http://pul/number/148775 996 $6082$a348.5$9(OLS)http://pul/classification/2156 996 $6245$aCodice commentato della proprietą industriale e intellettuale$9(OLS)http://pul/title/161021 996 $6260$aTorino :$bUTET Giuridica$9(OLS)http://pul/publisher/79191 LEADER 01082nam a2200265 a 4500 001 000000127921 003 CaOOAMICUS 005 20120309123328.0 008 120309s2011 it u000 u ita r 020 $a978-88-13-31778-2 040 $aPUL$bita 082 04$a342.45 100 1 $aAndreani, Antonio.$0(OLS)http://pul/name/81686 245 10$aSistemi costituzionali comparati :$bcorso di lezioni /$cAntonio Andreani. 260 $aPadova :$bCEDAM,$c2011. 300 $aIX, 353 p. ;$c24 cm. 650 4$aDiritto costituzionale amministrativo.$0(OLS)http://pul/subject/38531 850 $aPUL 852 $aPUL$W1$xSL Diritto e Scienze Sociali 3$y79$m342. 45 ANDAN 1$j148069$qDDC 21$B146664$CPULBib$Z2$F146664 $H118955 $82 941 1 $a9 996 $6020$a978-88-13-31778-2$9(OLS)http://pul/number/149107 996 $6082$a342.45$9(OLS)http://pul/classification/377 996 $6245$aSistemi costituzionali comparati :$bcorso di lezioni$9(OLS)http://pul/title/161660 996 $6260$aPadova :$bCEDAM$9(OLS)http://pul/publisher/48126